00330nam a2200109Ia 450000500170000000800410001710000260005824500690008426000430015330000110019665000130020720260328104330.0260328s9999||||xx |||||||||||||| ||und|| aMorcillo, Pedro Pablo 0aCiudad y Campo :b Claves del Desarrollo /cPedro Pablo Morcillo bSociedad Colombiana de planificación a443 p. aTEORÍA